000 00559nam a2200241Ia 4500
003 OSt
005 20220912152602.0
006 a|||||r|||| 00| 0
007 ta
008 220909b |||||||| |||| 00| 0 eng d
024 _a40164
037 _cTextual
040 _aCSL
_beng
_cCSL
041 _aeng
082 _aB281, L03
100 _aAsh Robert B
245 0 _aBasic probability theory
260 _c1970
300 _ap.
_ccm.
650 _aProbability
942 _hB281, L03
_cTEXL
_2CC
999 _c89119
_d89119